书目信息 |
| 题名: |
玩转哈利·波特
|
|
| 作者: | 李超然 著 | |
| 分册: | ||
| 出版信息: | 北京 中国青年出版社 2006 |
|
| 页数: | 270页 | |
| 开本: | 21cm | |
| 丛书名: | ||
| 单 册: | ||
| 中图分类: | G241.3 | |
| 科图分类: | ||
| 主题词: | 儿童文学--文学研究--英国--现代 , 儿童文学 , 文学研究 , 群众文化--文化事业 | |
| 电子资源: | ||
| ISBN: | 7-5006-7114-8 | |
| 000 | 00951nam0 2200265 450 | |
| 001 | 1258708905 | |
| 005 | 20121005161927.65 | |
| 010 | @a7-5006-7114-8@dCNY26.00 | |
| 100 | @a20060104d2006 em y0chiy50 ea | |
| 101 | 0 | @achi |
| 102 | @aCN@b110000 | |
| 105 | @aa z 000yy | |
| 200 | 1 | @a玩转哈利·波特@Awan zhuan ha li · bo te@f李超然著 |
| 210 | @a北京@c中国青年出版社@d2006 | |
| 215 | @a270页@c剧照@d21cm | |
| 300 | @a哈利·波特骨灰级粉丝速成手册 | |
| 330 | @a这是一本非典型的哈利·波特娱乐魔法书。它带领我们走出大不列颠岛上苏格兰北部的那个幽闭古堡,走出烟雾缭绕的教室和充满怪兽的禁林,摆脱复杂的咒语、扑朔迷离的情节和前途未卜的第七本小说,进入已经为哈利·波特疯狂起来的麻瓜世界。 | |
| 606 | 0 | @a儿童文学@x文学研究@y英国@z现代 |
| 606 | 0 | @a儿童文学 |
| 606 | 0 | @a文学研究 |
| 606 | 0 | @a群众文化@x文化事业 |
| 690 | @aG241.3@v4 | |
| 701 | 0 | @a李超然@Ali chao ran@c(文学)@4著 |
| 801 | 0 | @aCN@bNLC@c20101222 |
| 905 | @a10447@dG241.3@eJY86 | |
| 玩转哈利·波特/李超然著.-北京:中国青年出版社,2006 |
| 270页:剧照;21cm |
| 哈利·波特骨灰级粉丝速成手册 |
| ISBN 7-5006-7114-8:CNY26.00 |
| 这是一本非典型的哈利·波特娱乐魔法书。它带领我们走出大不列颠岛上苏格兰北部的那个幽闭古堡,走出烟雾缭绕的教室和充满怪兽的禁林,摆脱复杂的咒语、扑朔迷离的情节和前途未卜的第七本小说,进入已经为哈利·波特疯狂起来的麻瓜世界。 |
| ● |
| 相关链接 |
|
|
|
|
正题名:玩转哈利·波特
索取号:G241.3/JY86
 
预约/预借
| 序号 | 登录号 | 条形码 | 馆藏地/架位号 | 状态 | 备注 |
| 1 | 7814755 | 278147550 | 学院路分馆/ [索取号:G241.3/JY86] | 在馆 | |
| 2 | 7814756 | 278147569 | 学院路分馆/ [索取号:G241.3/JY86] | 在馆 |